| 000 | 00662cab a22002055a 4500 | ||
|---|---|---|---|
| 001 | L154898 | ||
| 008 | 310112s2012 xxk f s 000 0 eng d | ||
| 035 | _a(Sirsi) u154898 | ||
| 041 | 0 | _aeng | |
| 100 | 1 | _aCollins, Dan | |
| 245 | 0 | 0 | _aClassification, remediation and disposal of asbestos contaminated soils |
| 260 | _c2012 | ||
| 490 | 0 |
_aBuilding Engineer _v87(2) February 2012, 22-23(2) |
|
| 520 | _aDiscusses asbestos impacted soils and hazardous waste, asbestos remediation, site management, and health and safety. | ||
| 590 | _aKA | ||
| 651 | 4 |
_aUnited Kingdom _y |
|
| 690 |
_aHealth and safety _96244 |
||
| 690 |
_aContamination _96231 |
||
| 942 | _n0 | ||
| 999 |
_c83742 _d83742 |
||